000 00666nam a2200217Ia 4500
001 15008
003 GE_BSU
008 181216s||||||||xx |||||||||||||| ||und||
040 _cGE_BSU
080 _a519.662
100 _aБородуля, И.Т.
245 _aПоказательная и логарифмическая функции
245 _bЗадачи и упражнения
260 _aМосква
260 _bПросвещение.
260 _c1984
300 _a111стр.22см.
653 _aЗадачи и упражнения
653 _aПоказательная и логарифмическая функции
942 _cBK
999 _c48127
_d48127